[Event "Linares"]
[Site "18"]
[Date "2001.02.27"]
[Round "4"]
[White "Grischuk, Alexander"]
[Black "Kasparov, Gary"]
[Result "0-1"]
[WhiteElo "2663"]
[BlackElo "2849"]
[Annotator "JvR"]
[PlyCount "74"]
[EventDate "2001.??.23"]

1. e4 c5 2. Nf3 d6 3. d4 cxd4 4. Nxd4 Nf6 5. Nc3 a6 6. f3 Qb6 7. Nb3 e6 8. Qe2
Qc7 9. g4 $5 b5 10. Be3 b4 $5 {They intend to fight. Kasparov has played a
novelty.} 11. Na4 Nbd7 12. Qc4 {Grischuk wants to keep a plus.} ({The other
choice is} 12. Qf2) 12... Qxc4 13. Bxc4 d5 $1 14. exd5 Ne5 $1 15. Be2 Nxd5 {
Black has equalised by active play.} 16. Bd4 Bd6 17. Bc5 Be7 18. a3 a5 19. Bd4
f6 20. Nac5 O-O 21. O-O bxa3 22. Rxa3 Nf4 23. Bb5 Rb8 24. Bxe5 Nh3+ $1 {
Kasparov starts new complications.} 25. Kg2 Rxb5 26. Bg3 Ng5 {Knight c5 has
been pinned, and pawn f3 can be pinned. White needs action.} 27. Bf2 $2 ({
Right is} 27. c4 $1 Rxc5 28. Nxc5 Bxc5 29. Rxa5 {(Kasparov).}) 27... Bb7 28.
Bg1 Rc8 29. h4 Bxf3+ 30. Rxf3 Nxf3 31. Kxf3 Bxc5 32. Nxc5 Rbxc5 33. Bxc5 Rxc5 {
Black has a won rook ending.} 34. c3 h5 $1 35. gxh5 Rxh5 36. b4 axb4 37. cxb4
Rxh4 ({The tactical point is} 37... Rxh4 38. Rb3 $4 Rh3+) 0-1

[Event "Linares"]
[Site "18"]
[Date "2001.02.28"]
[Round "5"]
[White "Kasparov, Gary"]
[Black "Karpov, Anatoly"]
[Result "1-0"]
[WhiteElo "2849"]
[BlackElo "2679"]
[Annotator "JvR"]
[PlyCount "61"]
[EventDate "2001.??.23"]

1. e4 c6 2. d4 d5 3. e5 Bf5 4. Nc3 e6 5. g4 Bg6 6. Nge2 Ne7 7. Nf4 c5 8. dxc5
Nd7 9. h4 Nxe5 10. Bg2 h5 11. Qe2 N7c6 12. Nxg6 Nxg6 13. Bg5 $1 {Kasparov
springs a novelty against his old rival.} Be7 $2 14. gxh5 Nf8 $2 {Karpov makes
the desastrous choice of passivity.} ({Correct is} 14... Nxh4 $1 15. Bxh4 Bxh4
16. Bxd5 $1 {(Kasparov)} Be7 $1) 15. Nb5 $1 Nd7 $5 ({Not} 15... Qa5+ 16. Bd2
Qd8 17. Bf4 $1) 16. h6 $1 Nxc5 ({Or} 16... Kf8 17. hxg7+ Kxg7 18. Bd2) 17. Bf4
$5 (17. hxg7 Rg8 18. Bf4 {is great too.}) 17... Kf8 18. hxg7+ Kxg7 19. O-O-O
Kf8 20. Kb1 a6 $6 ({An immediate loss is forestalled by} 20... Qa5 {(Kasparov)}
21. h5 Rc8) 21. Nc7 $1 Rc8 {Karpov lacks a tempo.} 22. Bxd5 exd5 23. Rxd5 Qxc7
(23... Nd7 24. Rh5 $1 Rxh5 25. Qxh5 Bf6 26. Bd6+ Ne7 27. Nd5 {(Kasparov) also
ends with a catastrophe.}) 24. Bxc7 Rxc7 25. Rf5 $5 Rd7 26. c3 f6 27. Rg1 Nd8
28. Qg4 Ke8 29. Rh5 Rf8 30. Rxc5 $1 Bxc5 31. Qh5+ {At the end of the first
cycle Kasparov led with 2 1/2 out of 5. Judit Polgár had 3 points.} 1-0

[Event "Linares"]
[Site "18"]
[Date "2001.03.01"]
[Round "6"]
[White "Kasparov, Gary"]
[Black "Leko, Peter"]
[Result "1-0"]
[WhiteElo "2849"]
[BlackElo "2745"]
[Annotator "JvR"]
[PlyCount "71"]
[EventDate "2001.??.23"]

1. e4 e5 2. Nf3 Nc6 3. Bb5 a6 4. Ba4 Nf6 5. O-O Be7 6. Re1 b5 7. Bb3 O-O 8. a4
Bb7 9. d3 d6 10. Nbd2 Na5 11. Ba2 c5 12. Nf1 Re8 13. Ne3 h6 14. Bd2 c4 $5 {
Black seeks counteraction.} 15. Bc3 Qb6 $5 16. Nd2 Nc6 $6 ({Better is} 16...
Rec8 $1 {(Kasparov). Then the king's rook supports the defence.}) 17. Nd5 Nxd5
18. exd5 Na5 19. Bxa5 Qxa5 20. dxc4 {Lékó has defensive problems.} Qxa4 ({
Analysts prefer} 20... b4) 21. c5 $1 Qb4 $2 ({The pointe of the pawn sacrifice
is} 21... dxc5 $2 22. d6 Bxd6 23. Bxf7+) ({A proper stand is offered by} 21...
Qh4 22. c6 Bc8) 22. Ne4 $1 Qxb2 23. cxd6 Bf8 24. c3 $1 f5 25. d7 Red8 26. d6+
Kh8 27. Nc5 Bc6 28. Nd3 $1 Qxc3 29. Nxe5 Be4 30. Nf7+ Kh7 31. Ng5+ Kh8 32. Nxe4
fxe4 33. Qd5 Kh7 34. Qg8+ Kg6 35. Bf7+ Kf6 36. Bd5 1-0

[Event "Linares"]
[Site "18"]
[Date "2001.03.03"]
[Round "7"]
[White "Polgar, Judit"]
[Black "Kasparov, Gary"]
[Result "1/2-1/2"]
[WhiteElo "2676"]
[BlackElo "2849"]
[Annotator "JvR"]
[PlyCount "69"]
[EventDate "2001.??.23"]

1. e4 c5 2. Nf3 d6 3. d4 cxd4 4. Nxd4 Nf6 5. Nc3 a6 6. Be3 e6 7. f3 b5 8. Qd2
Nbd7 9. O-O-O Bb7 10. g4 Nb6 11. Qf2 Nfd7 12. Bd3 Rc8 13. Nce2 Be7 14. h4 O-O
15. Kb1 Na4 16. g5 Ndc5 17. Ng3 $5 ({Known is} 17. Qg3 {(Grischuk-Georgiev,
Mulhouse 2001).}) 17... Qc7 18. Nb3 $5 (18. h5 $6 {allows} Nxb2 $1 19. Kxb2
Na4+ 20. Kc1 d5 $1 {(Kasparov) and Black attacks.}) 18... d5 $1 19. e5 $5 Qxe5
20. Bd4 Qc7 21. f4 Ne4 $5 22. Bxe4 dxe4 23. Rhe1 Bd6 24. Nh5 e5 25. c3 $2 {
White allows a decisive charge.} f6 $1 26. gxf6 exd4 27. Nxd4 g6 $2 {Kasparov
lets the win slip away.} (27... Ba3 $3 {crushes the defence:} 28. Rg1 (28. Ne6
Qf7 29. Nxf8 Bxb2 $1) 28... g6 29. f5 Bxb2 30. fxg6 Nxc3+ $1 31. Kxb2 Nxd1+ 32.
Rxd1 hxg6 {and Black wins (Ftacnik).}) 28. f5 $1 gxh5 29. Ne6 Nxc3+ 30. bxc3
Qxc3 31. Rxd6 Qb4+ {Black has to deliver perpetual check.} 32. Ka1 Qc3+ 33. Kb1
Qb4+ 34. Ka1 Qc3+ 35. Kb1 1/2-1/2

[Event "Linares"]
[Site "18"]
[Date "2001.03.04"]
[Round "8"]
[White "Kasparov, Gary"]
[Black "Shirov, Alexei"]
[Result "1-0"]
[WhiteElo "2849"]
[BlackElo "2718"]
[Annotator "JvR"]
[PlyCount "75"]
[EventDate "2001.??.23"]

1. e4 e5 2. Nf3 Nc6 3. Bb5 a6 4. Ba4 Nf6 5. O-O Nxe4 6. d4 b5 7. Bb3 d5 8. dxe5
Be6 9. Nbd2 Nc5 10. c3 d4 11. Ng5 Qxg5 12. Qf3 O-O-O 13. Bxe6+ fxe6 14. Qxc6
Qxe5 15. b4 Qd5 16. Qxd5 exd5 17. bxc5 dxc3 18. Nb3 d4 19. Ba3 g6 20. Bb4 Bg7
21. a4 Kd7 22. axb5 axb5 23. Rfd1 Ke6 24. Rac1 Rhe8 $2 ({Known is} 24... Rd5 $5
{(Van den Doel-Timmermans, Deizisau 1999).}) 25. Kf1 Kf5 26. c6 $1 {Pawn c7
cannot support his comrades on the queenside anymore.} g5 27. Ba5 $5 Rd6 28.
Bb4 Rdd8 {A repetition of moves has occurred.} 29. Rd3 $1 g4 30. Bc5 Ke4 31.
Rcd1 $1 {Pawn d4 is dead meat.} h5 ({The tactical justification gives} 31... c2
32. R1d2 Bh6 33. f3+ $1 {(Dokhoian).}) 32. Nxd4 b4 33. Re3+ Kd5 34. Bxb4 Kc4
35. Bxc3 Rxe3 36. fxe3 Rf8+ 37. Ke2 Kxc3 38. Ne6 {Shirov played a doubtful
variation. Again Kasparov pulverized his aspiration.} 1-0

[Event "Linares"]
[Site "18"]
[Date "2001.03.06"]
[Round "10"]
[White "Kasparov, Gary"]
[Black "Grischuk, Alexander"]
[Result "1-0"]
[WhiteElo "2849"]
[BlackElo "2663"]
[Annotator "JvR"]
[PlyCount "89"]
[EventDate "2001.??.23"]

1. e4 c5 2. Nf3 Nc6 3. d4 cxd4 4. Nxd4 Nf6 5. Nc3 e6 6. Nxc6 bxc6 7. e5 Nd5 8.
Ne4 Bb7 9. Be2 c5 10. O-O Qc7 11. Nd6+ Bxd6 12. exd6 Qc6 13. f3 c4 14. Qd4 O-O
15. Bxc4 Rfc8 $6 (15... Qxd6 {drew in Kasparov-Lékó, Linares 1999.}) 16. Bxd5
$1 Qxd5 ({No good is} 16... Qxd6 {due to} 17. Bh6 $1 gxh6 18. Qg4+ Kf8 19. Bxb7
Qb6+ 20. Rf2 Qxb7 21. c3 {(Kasparov).}) 17. Qxd5 Bxd5 18. Rf2 {White has an
extra pawn.} Rc6 19. Bf4 Rac8 20. Rc1 Ra6 ({Kasparov prefers} 20... f6 $1 21.
b3 Rc3 $1) 21. a3 f6 22. Be3 $1 Ra4 23. Ra1 $1 e5 24. b3 Ra6 25. c4 {The pawn
advance has made progress.} Be6 26. Rd2 Rb8 $1 27. Rd3 {Both parties are
troubled by weaknesses.} Rb7 $2 ({Black can force a draw by} 27... Bf5 $1 28.
Rc3 Rxd6 $1 29. Bxa7 Rb7 30. Bc5 Rd3 31. Rxd3 Bxd3 32. Bb4 Bc2 {(Kasparov).})
28. g4 h5 29. h3 hxg4 30. hxg4 f5 $2 ({The last chance gives} 30... Rc6 $1 31.
a4 Bf7) 31. Bc5 $1 Rc6 32. b4 $1 fxg4 33. fxg4 Rc8 34. Re1 Bxc4 35. Rc3 Bb5 36.
Rxe5 Rf8 37. Bxa7 Bc6 38. Be3 Rbb8 39. Bg5 Rb5 40. Rcc5 Rb6 41. b5 Bf3 42. Be7
Ra8 43. Rg5 Rxa3 44. Bf6 Kf7 45. Bb2 {Kasparov had won with 7 1/2 out of 10.
The other players shared the second place, three points behind the winner.} 1-0

[Event "Linares"]
[Site "19"]
[Date "2002.02.23"]
[Round "1"]
[White "Ponomariov, Ruslan"]
[Black "Ivanchuk, Vassily"]
[Result "1-0"]
[WhiteElo "2727"]
[BlackElo "2717"]
[Annotator "JvR"]
[PlyCount "89"]
[EventDate "2002.??.??"]

1. e4 e6 2. d4 d5 3. Nc3 Bb4 4. e5 c5 5. a3 Bxc3+ 6. bxc3 Ne7 7. Qg4 O-O 8. Bd3
f5 9. exf6 Rxf6 10. Bg5 Rf7 11. Qh5 g6 12. Qd1 Nbc6 13. Nf3 Qf8 14. O-O c4 15.
Be2 h6 16. Bc1 Bd7 17. Ne1 $5 {A new idea is the preparation of f4.} g5 18. g3
Nf5 ({A fine alternative brings} 18... e5 $1 19. dxe5 Nxe5 20. f4 gxf4 21. Bxf4
Bh3 22. Ng2 N5g6 {(Psakhis).}) 19. Ng2 Qg7 20. f4 Nd6 21. Qe1 b5 22. fxg5 Rxf1+
23. Bxf1 hxg5 24. Ne3 Rf8 25. Bg2 a5 26. Bd2 Qg6 27. Ng4 Rf5 28. Qe3 Kg7 29.
Rb1 Kh7 30. a4 bxa4 31. Bc1 Rf7 32. Ba3 Qxc2 $2 {Ivanchuk becomes greedy.} ({
Ponomariov prefers} 32... Nf5) 33. Rc1 Qf5 34. Bh3 Ne4 35. Ne5 $1 Qf2+ 36. Qxf2
Rxf2 ({No rescue gives} 36... Nxf2 37. Nxf7 Nxh3+ 38. Kg2 g4 39. Rb1 $1 {
Psakhis).}) 37. Nxd7 Ra2 38. Bc5 Nd2 39. Bg2 a3 40. Nf8+ Kh6 ({Ponamariov
suggests} 40... Kh8 $5 {Psakhis answers} 41. Nxe6 Nb3 42. Rf1 Rxg2+ 43. Kxg2 a2
44. Nc7 a1=Q 45. Rxa1 Nxa1 46. Nxd5) 41. Re1 e5 42. dxe5 g4 43. e6 Nf3+ 44.
Bxf3 gxf3 45. Kf1 {The highlight of the first round was the win of Ponomariov.
He had just defeated Ivanchuk in the final of the FIDE world championship.} 1-0

[Event "Linares"]
[Site "19"]
[Date "2002.02.23"]
[Round "1"]
[White "Shirov, Alexei"]
[Black "Anand, Viswanathan"]
[Result "1/2-1/2"]
[WhiteElo "2715"]
[BlackElo "2757"]
[Annotator "JvR"]
[PlyCount "104"]
[EventDate "2002.??.??"]

1. e4 c5 2. Nf3 e6 3. d4 cxd4 4. Nxd4 Nc6 5. Nc3 Qc7 6. Be2 a6 7. O-O Nf6 8.
Be3 Bb4 9. Na4 Be7 10. Nxc6 bxc6 11. Nb6 Rb8 12. Nxc8 Qxc8 13. Bd4 O-O 14. Qd3
Qc7 15. b3 a5 16. Rad1 d5 17. exd5 Nxd5 18. Bf3 Rfd8 19. c4 Nf6 20. Qc3 Bd6 21.
g3 c5 $6 ({The obvious choice would be} 21... e5 22. Be3 e4) 22. Bxf6 gxf6 23.
Qxf6 Be7 24. Qh6 Qe5 25. Rde1 Qf6 26. Qh5 Bf8 27. Re4 Rd4 28. Rxd4 Qxd4 29. Re1
Qf6 30. Re4 Bg7 31. Rf4 Qe7 32. Rh4 h6 33. Rg4 f5 34. Rg6 Kh7 35. g4 Rf8 36.
gxf5 Rxf5 37. Be4 Rxh5 38. Rxe6+ Kh8 39. Rxe7 Re5 40. Rxe5 Bxe5 41. Kg2 Kg7 42.
Bb1 Kf6 43. h4 Bf4 44. Kf3 Ke5 45. Kg4 Bc1 46. f3 Bd2 47. Kh5 Kf6 48. Bc2 Bc1
49. Be4 Bd2 50. Bd5 Bc1 51. a4 Be3 52. Bg8 Bd2 1/2-1/2

[Event "Linares"]
[Site "19"]
[Date "2002.02.23"]
[Round "1"]
[White "Vallejo Pons, Francisco"]
[Black "Kasparov, Gary"]
[Result "1/2-1/2"]
[WhiteElo "2629"]
[BlackElo "2838"]
[Annotator "JvR"]
[PlyCount "98"]
[EventDate "2002.??.??"]

1. c4 Nf6 2. Nc3 e5 3. Nf3 Nc6 4. e4 Bb4 5. d3 d6 6. h3 O-O 7. Be2 Ne7 8. O-O
c6 9. a3 Bxc3 10. bxc3 Ng6 11. Re1 Re8 12. Bf1 Bd7 13. Qb3 Qc8 14. Rb1 b6 15.
Kh2 h6 16. g3 Qc7 17. Bg2 Be6 18. Nd2 Rad8 19. a4 d5 20. a5 dxc4 21. axb6 axb6
22. dxc4 Nd7 23. Bf1 Ne7 24. Qc2 Nc8 25. Nb3 c5 26. Be3 Nd6 27. Nd2 Ra8 28. Ra1
f6 29. Ra2 Rxa2 30. Qxa2 Nb8 31. f4 Nc6 32. f5 Bf7 33. g4 Na5 34. h4 Kf8 35. g5
hxg5 36. hxg5 Ke7 37. Kg1 Rh8 38. Bf2 Rh5 39. Nf3 ({Better is} 39. g6 $1) 39...
Qc6 40. Qc2 $4 {Vallejo blunders, Gary too.} Bxc4 $4 (40... Nxf5 $1 {wins a
pawn.}) 41. Bg2 Nf7 42. Qd1 Bb3 43. Nxe5 Bxd1 44. Nxc6+ Nxc6 45. Rxd1 Nxg5 46.
Rb1 Nh3+ 47. Bxh3 Rxh3 48. Rxb6 Kd6 49. Kg2 Rxc3 1/2-1/2

[Event "Linares"]
[Site "19"]
[Date "2002.02.24"]
[Round "2"]
[White "Adams, Michael"]
[Black "Ponomariov, Ruslan"]
[Result "1-0"]
[WhiteElo "2742"]
[BlackElo "2727"]
[Annotator "JvR"]
[PlyCount "151"]
[EventDate "2002.??.??"]

1. e4 e5 2. Nf3 Nc6 3. Bb5 a6 4. Ba4 Nf6 5. O-O Be7 6. Re1 b5 7. Bb3 d6 8. c3
O-O 9. h3 Re8 10. d4 Bb7 11. Nbd2 Bf8 12. d5 Nb8 13. Nf1 Nbd7 14. N3h2 Nc5 15.
Bc2 c6 16. b4 Ncd7 17. dxc6 Bxc6 18. Bg5 h6 19. Bxf6 $5 Nxf6 20. Ng4 Nxg4 21.
Qxg4 d5 22. exd5 Qxd5 23. Bb3 Qd8 24. Qh5 {White threatens to start an attack
on the kingside. Black decides to sacrifice a pawn for exchanges.} Ra7 $2 ({
Correct is} 24... Qc7 $1 25. Ne3 Rad8 26. Ng4 Bd5 27. Re3 {(Wedberg)} Re6 $1
28. Nxe5 Bxb3 29. axb3 Rde8 30. Ng4 Rxe3 31. Nxe3 Qxc3 32. Rxa6 Qxb4) 25. Rxe5
Rxe5 26. Qxe5 Qg5 27. Qxg5 hxg5 28. Ne3 g6 29. Rd1 Rc7 30. Kf1 Kg7 31. Ke2 Be7
32. Bd5 Bd7 33. Rd3 Bf6 34. c4 bxc4 35. Bxc4 Bc8 36. a3 Bb2 37. Kd2 f5 38. Kc2
Bxa3 39. Rxa3 f4 40. Kb3 fxe3 41. fxe3 Re7 42. Ka4 Re5 43. Rd3 Bf5 44. Rd2 Rxe3
45. Bxa6 Be4 46. Rf2 Kh6 47. Bf1 g4 48. hxg4 Re1 49. Be2 Ra1+ 50. Kb3 Rb1+ 51.
Kc3 Rc1+ 52. Kd4 Bb7 53. Bf3 Ba6 54. Rb2 Bb5 55. Be2 Bc6 56. Bf3 Bb5 57. Be2
Bc6 58. Ba6 Rg1 59. b5 Bxg2 60. b6 Kg5 61. Bc8 Kf4 62. Kc5 Be4 63. Rb4 Ke5 64.
b7 Rc1+ 65. Kb5 Bxb7 66. Bxb7 Kf6 67. Rc4 Rb1+ 68. Kc6 Kg5 69. Bc8 Rd1 70. Bd7
Kh4 71. Kc7 Rd2 72. Kd8 Re2 73. Rc6 g5 74. Bf5 Re3 75. Re6 Rg3 76. Rh6# 1-0

[Event "Linares"]
[Site "19"]
[Date "2002.02.25"]
[Round "3"]
[White "Kasparov, Gary"]
[Black "Anand, Viswanathan"]
[Result "1/2-1/2"]
[WhiteElo "2838"]
[BlackElo "2757"]
[Annotator "JvR"]
[PlyCount "83"]
[EventDate "2002.??.??"]

1. e4 c5 2. Nf3 e6 3. d4 cxd4 4. Nxd4 Nc6 5. Nc3 Qc7 6. Be2 a6 7. O-O Nf6 8.
Be3 Bb4 9. Na4 Be7 10. Nxc6 bxc6 11. Nb6 Rb8 12. Nxc8 Qxc8 13. Bd4 O-O 14. e5 (
{Shirov played} 14. Qd3 {in round 1.}) 14... Nd5 15. c4 Nf4 16. Bf3 Qc7 17. Re1
Ng6 18. c5 f6 19. exf6 Bxf6 20. Be4 Nf4 21. Bxf6 Rxf6 22. Qc2 h6 23. Rad1 Nd5
$1 24. g3 a5 $1 25. a3 Rff8 26. Re2 Qd8 27. Rd4 $1 Rb7 28. Bh7+ Kh8 29. Bd3 Qf6
30. Ra4 Ra8 31. Qd2 Qd8 32. Bb1 Rb5 33. Rh4 Qe7 (33... Qf8 $1 {protects the
weakness h6.}) 34. Rxh6+ $1 Kg8 (34... gxh6 $2 35. Qxh6+ Kg8 36. Re5 {has to
be avoided.}) 35. Rh4 Rab8 36. Bh7+ $2 ({Kasparov prefers} 36. Qc2 Nf6 37. Rc4
Rxb2 38. Qxb2 Rxb2 39. Rxb2) 36... Kf7 37. Qd3 Qg5 38. Qd4 Rxb2 39. Bg6+ Kg8
40. Bh7+ Kf7 41. Bg6+ Kg8 42. Bh7+ 1/2-1/2

[Event "Linares"]
[Site "19"]
[Date "2002.02.26"]
[Round "4"]
[White "Adams, Michael"]
[Black "Vallejo Pons, Francisco"]
[Result "1/2-1/2"]
[WhiteElo "2742"]
[BlackElo "2629"]
[Annotator "JvR"]
[PlyCount "47"]
[EventDate "2002.??.??"]

1. e4 e5 2. Nf3 Nc6 3. Bb5 Nf6 4. O-O Nxe4 5. d4 Nd6 6. Bxc6 dxc6 7. dxe5 Nf5
8. Qxd8+ Kxd8 9. Nc3 Ne7 10. b3 Bg4 $5 11. Ng5 Ke8 12. Bb2 Nd5 13. h3 Bf5 14.
g4 $1 Bd7 $1 15. Ne2 h5 $6 (15... h6 {is the natural move.}) 16. c4 Nb4 17.
Rad1 hxg4 18. Nxf7 Kxf7 19. Rxd7+ Ke6 20. Rxc7 Nd3 21. Bd4 Rxh3 22. Be3 g5 23.
Rxb7 Nxe5 24. Kg2 1/2-1/2

[Event "Linares"]
[Site "19"]
[Date "2002.02.26"]
[Round "4"]
[White "Ponomariov, Ruslan"]
[Black "Shirov, Alexei"]
[Result "1/2-1/2"]
[WhiteElo "2727"]
[BlackElo "2715"]
[Annotator "JvR"]
[PlyCount "54"]
[EventDate "2002.??.??"]

1. e4 c5 2. Nf3 Nc6 3. Nc3 e5 4. Bc4 d6 5. d3 Be7 6. Nd2 Bg5 7. h4 Bxd2+ 8.
Bxd2 Nf6 9. Bg5 Be6 $5 10. Nd5 Bxd5 11. Bxd5 h6 12. Bxf6 Qxf6 13. Qd2 Ne7 14.
Bc4 O-O 15. Kf1 Rad8 16. Re1 d5 17. exd5 Nxd5 18. Qe2 Rfe8 19. Qe4 Nb6 $1 20.
Bb3 Rd4 21. Qxb7 c4 $1 22. dxc4 ({After} 22. Bxc4 Nxc4 23. dxc4 {Black has the
pleasant choice between} {the quiet} Rxc4 ({and the aggressive} 23... Rd2))
22... e4 $1 23. Kg1 Rd7 24. Qa6 {Shirov crowns an active game with a pretty
combination.} e3 25. fxe3 Rxe3 26. Rxe3 Rd1+ 27. Kh2 Qxh4+ 1/2-1/2

[Event "Linares"]
[Site "19"]
[Date "2002.02.28"]
[Round "5"]
[White "Kasparov, Gary"]
[Black "Adams, Michael"]
[Result "1-0"]
[WhiteElo "2838"]
[BlackElo "2742"]
[Annotator "JvR"]
[PlyCount "93"]
[EventDate "2002.??.??"]

1. e4 e5 2. Nf3 Nf6 3. Nxe5 d6 4. Nf3 Nxe4 5. d4 d5 6. Bd3 Nc6 7. O-O Be7 8. c4
Nb4 9. Be2 O-O 10. a3 Nc6 11. cxd5 Qxd5 12. Nc3 Nxc3 13. bxc3 Bf5 14. Re1 Rfe8
15. Bf4 Rac8 16. c4 Qe4 17. Be3 Bf6 18. Ra2 b6 19. h3 Na5 20. g4 $1 {Kasparov
brings life to a dull game.} Bg6 21. g5 Be7 22. Ne5 Bd6 23. Nxg6 hxg6 24. c5 $1
Bf8 25. Bg4 Rcd8 26. Rae2 Qd5 27. Bf4 Rxe2 28. Qxe2 c6 $6 ({Kasparov expected
a draw by} 28... Qc6 29. Bf3 Qd7) 29. Bc7 $1 Ra8 ({Black might survive in} 
29... Qxd4 $1 30. Bxd8 Qxd8 31. cxb6 axb6) 30. Qe5 $6 (30. Qa6 $1 Qc4 31. Qxc4
Nxc4 32. d5 {gives a strong attack (Kasparov).}) 30... Qxe5 31. Rxe5 Nc4 32. d5
$1 {An incredible move stes the board on fire.} Nxe5 $2 ({Equality keeps} 32...
cxd5 33. c6 Na5 $1 34. Rxd5 (34. Bd7 Nxc6 $1) 34... Nxc6 35. Bd7 Na5) 33. Bxe5
cxd5 ({More resistance offers} 33... Re8 $1 34. Bf4 f5 35. gxf6 gxf6 36. dxc6
f5 37. Bf3 g5 38. Bxg5 Bxc5 39. Bf4 Kf8 40. c7 Ke7 41. Bb7 Kd7 42. a4 {
(Kasparov).}) 34. c6 f5 35. gxf6 gxf6 36. Be6+ Kg7 37. Bg3 Bxa3 ({A pawn saves
} 37... d4 $1 38. c7 Bxa3 39. c8=Q Rxc8 40. Bxc8 {(Dokholan).}) 38. Bxd5 Rc8
39. c7 Bc5 40. Bb7 Rxc7 41. Bxc7 a5 42. Bc6 g5 43. Kf1 Kg6 44. f3 Kh5 45. Be8+
Kh6 46. Ke2 f5 47. Bd8 1-0

[Event "Linares"]
[Site "19"]
[Date "2002.02.28"]
[Round "5"]
[White "Vallejo Pons, Francisco"]
[Black "Ponomariov, Ruslan"]
[Result "1/2-1/2"]
[WhiteElo "2629"]
[BlackElo "2727"]
[Annotator "JvR"]
[PlyCount "130"]
[EventDate "2002.??.??"]

1. c4 e5 2. Nc3 Nf6 3. Nf3 Nc6 4. g3 d5 5. cxd5 Nxd5 6. Bg2 Nb6 7. O-O Be7 8.
a3 O-O 9. b4 Be6 10. Rb1 f6 11. d3 Nd4 12. Nd2 c6 13. e3 Nb5 14. Nxb5 cxb5 15.
Nb3 Na4 16. Bb2 Bd5 ({A diversion of} 16... Qd7 {(Kharlov - Brenninkmeijer,
Leeuwarden 1995).}) 17. e4 Bf7 18. d4 Rc8 19. d5 Qd7 20. Qe2 Bd8 21. Ba1 Bb6
22. Rbc1 a6 23. h4 Rxc1 24. Rxc1 Rc8 25. Rc2 Rc7 26. Bf3 Qc8 27. Rxc7 Qxc7 28.
Qd3 Qc4 29. Be2 Bg6 30. Qxc4 bxc4 31. Bxc4 Bxe4 32. Nd2 Bf5 33. d6+ Kf8 34. Bd5
Bc8 35. d7 Bxd7 36. Bxb7 Bb5 37. Be4 h6 38. Bc2 Ke7 39. Kg2 Bd4 40. Nb3 Bxa1
41. Nxa1 Kd6 42. Bb3 Nc3 43. Nc2 Bc6+ 44. Kf1 Bd5 45. Bxd5 Kxd5 46. Ne3+ Ke4
47. h5 f5 48. Nc4 f4 49. Nd6+ Kf3 50. gxf4 exf4 51. Nf5 Nb5 52. a4 Nc3 53. Nxg7
Nxa4 54. Nf5 Kg4 55. Nxh6+ Kxh5 56. Nf5 Nc3 57. Nd4 Kg4 58. Kg2 Nd5 59. f3+ Kg5
60. Nc6 Kf6 61. Kh3 Kf5 62. Kh4 Ne3 63. Nb8 Nc2 64. Nxa6 Nd4 65. Kh3 Nxf3
1/2-1/2

[Event "Linares"]
[Site "19"]
[Date "2002.03.01"]
[Round "6"]
[White "Adams, Michael"]
[Black "Anand, Viswanathan"]
[Result "1-0"]
[WhiteElo "2742"]
[BlackElo "2757"]
[Annotator "JvR"]
[PlyCount "87"]
[EventDate "2002.??.??"]

1. e4 e6 2. d4 d5 3. Nd2 dxe4 4. Nxe4 Nd7 5. Nf3 Ngf6 6. Nxf6+ Nxf6 7. c3 c5 8.
Be3 Qc7 9. Ne5 a6 10. Qa4+ Nd7 11. O-O-O cxd4 12. Nxd7 Qxd7 13. Qc2 Bc5 14.
Bxd4 Bxd4 15. Rxd4 Qc7 16. Bd3 Bd7 17. g3 h6 18. Rd1 O-O-O 19. Rc4 Bc6 20. Be4
$1 Rxd1+ 21. Qxd1 Rd8 22. Qf3 Rd6 23. h4 $1 Kb8 24. Bxc6 Rxc6 25. Rxc6 bxc6 {
White has reached a better queen ending with small means.} 26. h5 Kb7 27. Kc2
f5 $2 {Steinitz would not like this move.} ({Better is} 27... Qe7 28. b4 e5)
28. Qd3 Qf7 29. Qe2 f4 30. g4 g6 31. Qe5 $1 {Black's pawn structure looks
awful.} g5 $2 {Pawn h6 is lost.} ({Correct is} 31... gxh5 32. gxh5 Qh7+ 33. Kc1
Qf7 {(Adams).}) 32. Qh8 $1 e5 33. Qxh6 e4 $6 (33... Qe7 34. Qg6 Qc5 {gives the
last chance (Finkel).}) 34. Qg6 $1 (34. Qxg5 $2 {allows the counteraction} e3
$1 35. fxe3 f3 {(Adams).}) 34... Qc4 35. Qg7+ Kc8 36. Qh8+ Kb7 37. Qg7+ Kc8 38.
Qf8+ Kc7 39. Qe7+ Kc8 40. Qe8+ Kc7 41. Qe7+ Kc8 42. h6 c5 43. Qe8+ $1 {The
queen protects square b5.} Kc7 44. h7 1-0

[Event "Linares"]
[Site "19"]
[Date "2002.03.01"]
[Round "6"]
[White "Shirov, Alexei"]
[Black "Vallejo Pons, Francisco"]
[Result "1/2-1/2"]
[WhiteElo "2715"]
[BlackElo "2629"]
[Annotator "JvR"]
[PlyCount "66"]
[EventDate "2002.??.??"]

1. e4 e5 2. Nf3 Nc6 3. Bb5 Nf6 4. O-O Nxe4 5. d4 Nd6 6. Bxc6 dxc6 7. dxe5 Nf5
8. Qxd8+ Kxd8 9. Nc3 Ne7 10. h3 Ng6 11. Bg5+ Ke8 12. Rad1 Be7 $5 13. Bxe7 Kxe7
14. Nd4 $5 {Shirov keeps the battle going.} Nf4 ({Risk takes} 14... Nxe5 $6 15.
Rfe1 Kf6 16. b3 $1 {(Wedberg).}) 15. Ne4 Rd8 16. Rfe1 Rd5 17. c4 $5 Rd8 $6 ({
A surprising defence brings} 17... Rxe5 $5 18. Nf3 Ra5 $1 19. b4 Ra3 20. Nd4
Kf8 21. Ng5 h6 22. Nb5 $1 Rd3 23. Nxc7 Rxd1 24. Rxd1 Rb8 25. Ne4 Bf5 $11) 18.
Kh2 a5 19. g4 $1 a4 20. Kg3 Ne6 21. Nf5+ Kf8 22. f4 {White has gained much
territory.} b6 23. Rxd8+ Nxd8 24. Ne3 Ne6 25. f5 Nd4 26. Kf4 $6 (26. Ng5 $1 h6
27. Nf3 Nxf3 28. Kxf3 Bb7 29. Rd1 {keeps an edge.}) 26... Bb7 27. c5 a3 $1 28.
b3 Ba6 $1 29. cxb6 cxb6 30. Nd6 Rd8 31. Ndc4 Bxc4 32. Nxc4 b5 33. Nd6 f6 $1
1/2-1/2

[Event "Linares"]
[Site "19"]
[Date "2002.03.02"]
[Round "7"]
[White "Ivanchuk, Vassily"]
[Black "Adams, Michael"]
[Result "1-0"]
[WhiteElo "2717"]
[BlackElo "2742"]
[Annotator "JvR"]
[PlyCount "99"]
[EventDate "2002.??.??"]

1. e4 e5 2. Nf3 Nc6 3. Bb5 a6 4. Ba4 Nf6 5. O-O Be7 6. Re1 b5 7. Bb3 O-O 8. a4
Bb7 9. d3 Re8 10. Na3 Bxa3 11. bxa3 $5 d5 $1 12. exd5 Nxd5 13. Bb2 Nf4 $1 14.
Bc1 $6 ({Ivanchuk prefers} 14. Qd2 Qf6 15. Qe3 Qf5) 14... Nxg2 $5 15. Ng5 $1
Nxe1 16. Qh5 $1 Qd7 $6 (16... h6 $1 17. Nxf7 Qf6 18. Ng5+ Kh8 19. Nf7+ {brings
perpetual check.}) 17. Bxf7+ Kf8 18. Be3 $3 {Adams seemed to win easily, but
Ivanchuk has sacrificed a rook for a dashing combination.} Nd4 19. Rxe1 Nf3+ $1
20. Kf1 $1 ({Avoids} 20. Nxf3 $2 Qxf7) 20... Nxg5 21. Bc5+ $1 Re7 22. Rxe5 Nxf7
23. Rxe7 Qxe7 24. Bxe7+ Kxe7 25. Qc5+ Kd7 26. Qd4+ Ke7 27. Qxg7 bxa4 $2 (27...
Bd5 $1 28. Qxh7 Rh8 29. Qf5 c6 {creates a fortress.}) 28. Qc3 Kd7 29. Qd4+ Nd6
30. Qxa4+ Ke6 31. Qg4+ Nf5 32. Qc4+ Bd5 33. Qxc7 h5 34. c4 Bh1 35. f4 Rf8 36.
Qb6+ Kf7 37. Qa7+ Ne7 38. Qxa6 Rb8 39. d4 Rb1+ 40. Ke2 Rb2+ 41. Kd3 Rb3+ 42.
Kd2 Rh3 43. d5 Rxh2+ 44. Kd3 Nxd5 45. cxd5 Bxd5 46. f5 Ra2 47. Qa7+ Kf6 48.
Qd4+ Kg5 49. Qxd5 Rxa3+ 50. Ke4 1-0